MARC

LEADER 00000nam0a2200000 4500
001 298478
005 20231102001116.0
035 |a (RuTPU)RU\TPU\book\323621 
090 |a 298478 
100 |a 20150618d1972 m y0rusy50 ca 
101 0 |a rus 
102 |a RU 
105 |a a z 000ab 
200 1 |a Ермолова  |f Т. Л. Щепкина-Куперник 
210 |a Москва  |c Искусство  |d 1972 
215 |a 200 с.  |c ил. 
225 1 |a Жизнь в искусстве 
600 1 |a Ермолова  |b М. Н.  |c актриса  |c народная артистка республики (1920)  |f 1853-1928  |g Мария Николаевна  |2 stltpush  |3 (RuTPU)RU\TPU\pers\21652  |9 9115 
606 1 |a Театр  |2 stltpush  |3 (RuTPU)RU\TPU\subj\58738  |9 76490 
610 1 |a художественная литература 
610 1 |a биографии 
610 1 |a актрисы 
610 1 |a русский театр 
675 |a 792  |v 4 
700 1 |a Щепкина-Куперник  |b Т. Л.  |c российская писательница, драматург, поэтесса и переводчица  |f 1874-1952  |g Татьяна Львовна  |2 stltpush  |3 (RuTPU)RU\TPU\pers\18659  |4 070  |9 6958 
801 1 |a RU  |b 63413507  |c 20150618 
801 2 |a RU  |b 63413507  |c 20210326  |g RCR 
942 |c BK